| 000 | 01520nam a22003257i 4500 | ||
|---|---|---|---|
| 005 | 20210818182238.0 | ||
| 008 | 190610s2013 sp a br 000 j spa d | ||
| 020 | _a9788415899068 | ||
| 040 |
_aCOMFC _bspa _erda |
||
| 041 | _aspa | ||
| 100 | 1 |
_954680 _aAndrés, José Carlos _eaut |
|
| 245 | 1 | 0 |
_aMi papá es un payaso = My dad is a clown _cJosé Carlos Andrés ; ilustraciones Natalia Hernández |
| 246 | _aMy dad is a clown | ||
| 250 | _aPrimera edición | ||
| 264 | 0 | 1 |
_a[Madrid] _bNubeocho ediciones _c2013 |
| 300 |
_a[30] páginas _bilustraciones _c21 x 22 cm |
||
| 336 |
_2rdacontent _atxt |
||
| 337 |
_2rdamedia _an |
||
| 338 |
_2rdacarrier _anc |
||
| 490 |
_954681 _aEgalité |
||
| 500 | _aTexto bilingüe en español y traducción al inglés. | ||
| 505 | _aEs que mi papá es payaso, y yo estoy muy orgulloso de él y de su trabajo, que es de los más importantes. Fíjate si es importante, que hace reír a las personas. ¡Reír! Pascual, mi otro papá que es médico, dice que las suyas son dos de las profesiones más importantes: una cura el cuerpo y la otra el alma. No entiendo muy bien eso deurar el alma, pero suena la mar de importante. | ||
| 521 | _aLibros recomendados para niños de 6 a 8 años | ||
| 700 | 1 |
_954682 _aHernández, Natalia _eill |
|
| 082 | 0 | 4 |
_a863.5 _bA561m |
| 650 | 0 |
_910648 _aCuentos Infantiles _vFamilia |
|
| 650 | 0 |
_954683 _aLiteratura en Inglés |
|
| 650 | 0 |
_910648 _aCuentos Infantiles _vValores |
|
| 942 |
_2ddc _h863.5 A561m _k863.5 _mA561m |
||
| 999 |
_c15149 _d15149 |
||